History Quiz

Random History Quiz

Current Events- Middle East Protests Quiz Stats

 Plays Quiz not verified by Sporcle

Also try: Biography: M
Challenge
Share
Tweet
Embed
Score 0/17 Timer 10:00
0 Plays Today
% Correct
Cairo
88.6%
Arab Spring
84.1%
Jerusalem
75%
Tripoli
68.2%
Damascus
59.1%
Mubarak
54.5%
Tehran
45.5%
The Arab League
38.6%
Gaddafi
34.1%
% Correct
al-Assad
29.5%
Ahmadinejad
22.7%
11.4%
11.4%
Muslim Brotherhood
6.8%
King Abdullah II
4.5%
1967 border
4.5%
Ghannouchi
2.3%

You're not logged in!

Compare scores with friends on all Sporcle quizzes.
OR
Log In

You Might Also Like...

Show Comments

Extras

Created Mar 21, 2012ReportNominate
Tags:event

Top Quizzes Today


Score Distribution

Your Account Isn't Verified!

In order to create a playlist on Sporcle, you need to verify the email address you used during registration. Go to your Sporcle Settings to finish the process.

Report this User

Report this user for behavior that violates our Community Guidelines.

Details: